000 00434pab a2200157 454500
008 180718b2006 xxu||||| |||| 00| 0 eng d
100 _aSabia, Joseph J.
245 _aDoes sex education affect adolescent sexual behaviors and health?
260 _c2006
300 _ap.783-802.
362 _aFall
650 _aSexual behaviour
650 _aSex education
773 _aJournal of Policy Analysis and Management
909 _a71830
999 _c71830
_d71830